| 000 | 00748 a2200205 4500 | ||
|---|---|---|---|
| 005 | 20080825143219.0 | ||
| 008 | 080825t xxu||||| |||| 00| 0 eng d | ||
| 010 | _aENG-87138 | ||
| 020 |
_a8190078046 _c30.00 |
||
| 035 | _aEN-70671 | ||
| 037 | _bDBAD / PUB | ||
| 082 | _a954.01 | ||
| 100 | _aDamodaran, Edavana | ||
| 245 |
_aMyths and Shibboleths of Indian history _cby Edavana Damodaran |
||
| 260 |
_aMumbai _bSahayog Publications _c2006 |
||
| 270 |
_aP.O.Box 8707 _bMumbai _e400 069 |
||
| 300 |
_a72 p. _c21 cm. (Hb.) |
||
| 942 |
_adpl _cEN _k954.01 / DAM _2ddc _h954.01 _mDAM |
||
| 999 |
_c6093 _d6093 |
||